000 00436cam a22001337a 4500
008 180718b1958 xxu||||| |||| 00| 0 eng d
082 _aA7x94 T214
100 _aTaylor, Griffith
245 _aAustralia: a study of warm envuronments and their effect on British settlement
_cby Griffith Taylor
260 _aLondon
_bMethuen
_c1958
300 _axv, 490p
650 _aHuman geography -Australia
650 _aPhysical geography -Australia
999 _c413667
_d413667